Birds of Andaman & Nicobar islands (Record no. 400224)

000 -LEADER
fixed length control field 00395cam a22001217a 4500
008 - FIXED-LENGTH DATA ELEMENTS--GENERAL INFORMATION
fixed length control field 180718b1984 xxu||||| |||| 00| 0 eng d
082 ## - DEWEY DECIMAL CLASSIFICATION NUMBER
Classification number Y73x5465 T449
100 ## - MAIN ENTRY--PERSONAL NAME
Personal name Tikader, B.K.
245 ## - TITLE STATEMENT
Title Birds of Andaman & Nicobar islands
Statement of responsibility, etc. by B.K. Tikader
260 ## - PUBLICATION, DISTRIBUTION, ETC.
Place of publication, distribution, etc. Calcutta
Name of publisher, distributor, etc. Zoological Survey of India
Date of publication, distribution, etc. 1984
300 ## - PHYSICAL DESCRIPTION
Extent 167p.
650 ## - SUBJECT ADDED ENTRY--TOPICAL TERM
Topical term or geographic name entry element Birds --India --Andaman and Nicobar Islands --Identification
Holdings
Withdrawn status Lost status Damaged status Not for loan Permanent Location Current Location Date acquired Full call number Barcode Date last seen Price effective from Koha item type
        Indian Institute of Public Administration Indian Institute of Public Administration 2002-09-30 Y73x5465 T449 74690 2018-07-21 2018-07-21 Book

Powered by Koha